[Event "36th Teams Ch-GR"]
[Site "Kallithea Halkidiki"]
[Date "2008.07.10"]
[Round "7.4"]
[White "Kiratzopoulos, Efthimios"]
[Black "Tolias, Athanasios"]
[Result "1-0"]
[WhiteElo "2125"]
[BlackElo "1712"]
[PlyCount "57"]
[EventDate "2008.07.06"]
[WhiteTeam "ES KALAMARIAS"]
[BlackTeam "FO N. HERAKLIOU ATTIKIS"]

1. d4 d5 2. Nf3 Nc6 3. c3 Bf5 4. Bf4 e6 5. e3 Bd6 6. Ne5 Nge7 7. Bd3 Rb8 8. b4
Bxe5 9. Bxe5 Nxe5 10. dxe5 Bxd3 11. Qxd3 Ng6 12. f4 Qh4+ 13. g3 Qh3 14. Nd2 Ne7
15. Kf2 c6 16. Nf3 Qf5 17. Qxf5 Nxf5 18. g4 Ne7 19. a4 f5 20. Rag1 Kd7 21. gxf5
Nxf5 22. h4 h6 23. Nd4 Rhg8 24. Nxf5 exf5 25. Rg6 Ke7 26. Rhg1 Kf7 27. e6+ Kf8
28. Ke2 Re8 29. Kd3 1-0

[Event "36th Teams Ch-GR"]
[Site "Kallithea Halkidiki"]
[Date "2008.07.10"]
[Round "7.5"]
[White "Likavsky, Tomas"]
[Black "Henrichs, Thomas"]
[Result "1-0"]
[WhiteElo "2485"]
[BlackElo "2491"]
[PlyCount "73"]
[EventDate "2008.07.06"]
[WhiteTeam "SO POLICHNIS"]
[BlackTeam "OS TRIANDRIAS"]

1. d4 d5 2. c4 c6 3. Nf3 Nf6 4. e3 Bf5 5. Nc3 e6 6. Nh4 Bg6 7. Nxg6 hxg6 8. Bd2
Nbd7 9. g3 Be7 10. b3 a6 11. Bg2 b5 12. O-O O-O 13. Rb1 Rc8 14. Qe2 Re8 15.
Rfd1 Qc7 16. Be1 Bf8 17. h4 Qa7 18. g4 dxc4 19. bxc4 Nb6 20. c5 Nc4 21. g5 Nd5
22. Qf3 Na3 23. Rbc1 a5 24. Ne4 Qc7 25. Ng3 b4 26. e4 Nf4 27. e5 Nd5 28. Ne4
Ra8 29. Rd3 Nb5 30. Bd2 a4 31. Nd6 Reb8 32. h5 gxh5 33. Qxh5 g6 34. Qh4 b3 35.
axb3 axb3 36. Rxb3 Nxd6 37. cxd6 1-0

[Event "36th Teams Ch-GR"]
[Site "Kallithea Halkidiki"]
[Date "2008.07.10"]
[Round "7.5"]
[White "Ilandzis, Spyridon"]
[Black "Haritakis, Theodoros"]
[Result "0-1"]
[WhiteElo "2196"]
[BlackElo "2276"]
[PlyCount "50"]
[EventDate "2008.07.06"]
[WhiteTeam "OS TRIANDRIAS"]
[BlackTeam "SO POLICHNIS"]

1. d4 d5 2. Nf3 Nf6 3. c4 e6 4. e3 Be7 5. Nbd2 O-O 6. Bd3 c5 7. dxc5 Na6 8. O-O
Nxc5 9. Be2 b6 10. b4 Nce4 11. Qb3 Bb7 12. Bb2 dxc4 13. Nxc4 Bd5 14. a4 Rc8 15.
Rac1 Nd6 16. Nfd2 Nfe4 17. Nxe4 Nxe4 18. Rc2 Bf6 19. f3 Nd6 20. Bxf6 Qxf6 21.
Rfc1 Nf5 22. b5 Qg5 23. e4 Nd4 24. Qe3 Qxe3+ 25. Nxe3 Nxe2+ 0-1

[Event "36th Teams Ch-GR"]
[Site "Kallithea Halkidiki"]
[Date "2008.07.10"]
[Round "7.5"]
[White "Tantsis, Georgios"]
[Black "Ziogas, Paris"]
[Result "1-0"]
[WhiteElo "2193"]
[BlackElo "2132"]
[PlyCount "79"]
[EventDate "2008.07.06"]
[WhiteTeam "SO POLICHNIS"]
[BlackTeam "OS TRIANDRIAS"]

1. d4 d5 2. Nf3 c6 3. g3 Nf6 4. Bg2 Bf5 5. O-O e6 6. c4 dxc4 7. Ne5 Nbd7 8.
Nxc4 Be4 9. Nc3 Bxg2 10. Kxg2 Nb6 11. Qd3 Nfd5 12. Ne5 Nxc3 13. bxc3 Bd6 14.
Nf3 Be7 15. e4 c5 16. Be3 O-O 17. Rfd1 c4 18. Qc2 f5 19. d5 fxe4 20. Qxe4 exd5
21. Qe6+ Kh8 22. Ne5 Qe8 23. Bxb6 axb6 24. Nd7 Rf7 25. Rxd5 Ba3 26. Qxe8+ Rxe8
27. Ne5 Rf5 28. Re1 Ref8 29. f4 Bb2 30. Re3 g5 31. fxg5 Rf2+ 32. Kh3 Bc1 33.
Re4 Rxa2 34. g6 Ra5 35. Rd7 Rf5 36. Rxh7+ Kg8 37. Ng4 Rh5+ 38. Rxh5 Rxh5+ 39.
Kg2 b5 40. Nf6+ 1-0

[Event "36th Teams Ch-GR"]
[Site "Kallithea Halkidiki"]
[Date "2008.07.10"]
[Round "7.5"]
[White "Katsifarakis, Nikolaos"]
[Black "Haratsidis, Vasilios"]
[Result "0-1"]
[WhiteElo "1906"]
[BlackElo "2001"]
[PlyCount "62"]
[EventDate "2008.07.06"]
[WhiteTeam "OS TRIANDRIAS"]
[BlackTeam "SO POLICHNIS"]

1. f4 d5 2. Nf3 Nf6 3. d3 c5 4. g3 Nc6 5. Bg2 Bg4 6. Nbd2 e6 7. O-O Be7 8. e4
dxe4 9. dxe4 O-O 10. h3 Bxf3 11. Qxf3 Nd4 12. Qd3 Qc7 13. c3 Nc6 14. g4 Rfd8
15. Qf3 Rd7 16. g5 Ne8 17. Nc4 Rad8 18. Ne5 Nxe5 19. fxe5 Bf8 20. Qf4 g6 21.
Qg3 Bg7 22. Bf4 Bh8 23. Rf2 Ng7 24. Bf3 Rd3 25. Qh2 c4 26. Be2 Nh5 27. Bxh5
gxh5 28. Raf1 h4 29. Qg2 Bxe5 30. Qg4 Bxf4 31. Rxf4 Rg3+ 0-1

[Event "36th Teams Ch-GR"]
[Site "Kallithea Halkidiki"]
[Date "2008.07.10"]
[Round "7.6"]
[White "Gavrilakis, Nikolaos"]
[Black "Movsesian, Sergei"]
[Result "0-1"]
[WhiteElo "2429"]
[BlackElo "2723"]
[PlyCount "54"]
[EventDate "2008.07.06"]
[WhiteTeam "SAS KOROPIOU"]
[BlackTeam "EES KORYDALLOU"]

1. e4 c5 2. Nf3 Nc6 3. Bb5 d6 4. c3 Nf6 5. Qe2 Bg4 6. d4 cxd4 7. cxd4 d5 8. e5
Nd7 9. Be3 e6 10. O-O Be7 11. Nbd2 O-O 12. h3 Bh5 13. a3 Rc8 14. Rfc1 f6 15.
exf6 Bxf6 16. g4 Bg6 17. Bd3 Bxd3 18. Qxd3 Rf7 19. b4 e5 20. b5 e4 21. Qf1 Na5
22. Rxc8 Qxc8 23. Ng5 Bxg5 24. Bxg5 Nb6 25. Rc1 Nbc4 26. a4 h6 27. Be3 Qe6 0-1

[Event "36th Teams Ch-GR"]
[Site "Kallithea Halkidiki"]
[Date "2008.07.10"]
[Round "7.6"]
[White "Tsiamis, Konstantinos"]
[Black "Kapnisis, Spyridon"]
[Result "0-1"]
[WhiteElo "2303"]
[BlackElo "2405"]
[PlyCount "106"]
[EventDate "2008.07.06"]
[WhiteTeam "EES KORYDALLOU"]
[BlackTeam "SAS KOROPIOU"]

1. d4 d5 2. c4 c6 3. Nc3 Nf6 4. Bg5 dxc4 5. a4 e6 6. e4 Bb4 7. Bxf6 Qxf6 8.
Bxc4 c5 9. Nf3 Nc6 10. Bb5 O-O 11. Bxc6 bxc6 12. O-O Ba6 13. Re1 Rfd8 14. Qb3
Rab8 15. dxc5 Bxc5 16. Qc2 Bd3 17. Qc1 g5 18. e5 Qf4 19. Ne4 Bxe4 20. Qxf4 gxf4
21. Rxe4 Rxb2 22. Rf1 Rb4 23. Rxb4 Bxb4 24. h4 h6 25. Rc1 c5 26. Kh2 Rd3 27.
Rc4 Ra3 28. Rxf4 Ra2 29. Kg1 Rxa4 30. g4 Ra1+ 31. Kg2 Rd1 32. g5 hxg5 33. Nxg5
Bd2 34. Rg4 Bxg5 35. Rxg5+ Kh7 36. Rg3 Rd7 37. Rc3 Rc7 38. Kf3 c4 39. Kg4 Kg6
40. h5+ Kh6 41. f4 a5 42. Kh4 a4 43. Kg4 Ra7 44. Rxc4 a3 45. Rc1 a2 46. Ra1 Ra4
47. Kf3 Kxh5 48. Rh1+ Kg6 49. Rg1+ Kh6 50. Rh1+ Kg7 51. Rg1+ Kf8 52. Ra1 f6 53.
exf6 Kf7 0-1

[Event "36th Teams Ch-GR"]
[Site "Kallithea Halkidiki"]
[Date "2008.07.10"]
[Round "7.6"]
[White "Khetsuriani, Besarion"]
[Black "Katsiris, Ioannis"]
[Result "1/2-1/2"]
[WhiteElo "2350"]
[BlackElo "2136"]
[PlyCount "116"]
[EventDate "2008.07.06"]
[WhiteTeam "SAS KOROPIOU"]
[BlackTeam "EES KORYDALLOU"]

1. c4 c5 2. Nf3 Nc6 3. Nc3 e5 4. e3 d6 5. d4 exd4 6. exd4 Bg4 7. Be2 Nf6 8. O-O
Be7 9. Be3 O-O 10. h3 Bh5 11. d5 Bxf3 12. Bxf3 Ne5 13. Be2 Re8 14. f4 Ng6 15.
Bd3 Bf8 16. Qf3 Nh4 17. Qf2 g6 18. Bxc5 dxc5 19. Qxh4 Re3 20. Rad1 Bg7 21. Rfe1
Qe7 22. Qf2 Rxe1+ 23. Rxe1 Qf8 24. Kf1 Ne8 25. Ne4 Bd4 26. Qf3 Nd6 27. b3 Nxe4
28. Qxe4 Qd6 29. g3 Qd7 30. Kg2 Kf8 31. d6 Re8 32. Qxe8+ Qxe8 33. Rxe8+ Kxe8
34. Be4 Kd7 35. Bxb7 Kxd6 36. Bd5 Ke7 37. Kf3 h6 38. Bb7 f5 39. Bc8 a5 40. Ke2
Kf6 41. Kd3 Bf2 42. g4 Bg3 43. Ke3 Bh2 44. a3 Bg1+ 45. Kd3 Bh2 46. Ke3 Bg1+ 47.
Kf3 Bd4 48. h4 Bb2 49. g5+ hxg5 50. fxg5+ Ke7 51. a4 Bc1 52. Kg3 Bd2 53. Bb7
Be1+ 54. Kh3 Bd2 55. Bc6 Kf7 56. Bb7 Ke7 57. h5 Bxg5 58. hxg6 Kf6 1/2-1/2

[Event "36th Teams Ch-GR"]
[Site "Kallithea Halkidiki"]
[Date "2008.07.10"]
[Round "7.6"]
[White "Sperdokli, Elli"]
[Black "Delithanasis, Dimitrios"]
[Result "0-1"]
[WhiteElo "2129"]
[BlackElo "2228"]
[PlyCount "144"]
[EventDate "2008.07.06"]
[WhiteTeam "EES KORYDALLOU"]
[BlackTeam "SAS KOROPIOU"]

1. e4 e5 2. Nf3 Nc6 3. Nc3 Nf6 4. g3 d5 5. exd5 Nxd5 6. Bg2 Nde7 7. O-O g6 8.
Re1 Bg7 9. Rb1 O-O 10. b4 a6 11. a4 Bf5 12. Nh4 Be6 13. b5 axb5 14. axb5 Na5
15. Nf3 Bg4 16. h3 Bxf3 17. Qxf3 Nf5 18. Qd5 c6 19. Qxd8 Rfxd8 20. Ne2 Nd6 21.
Nc3 f5 22. bxc6 bxc6 23. Na4 e4 24. Nc5 Re8 25. d3 exd3 26. Rxe8+ Rxe8 27. Nxd3
Ne4 28. Bxe4 fxe4 29. Nf4 Nc4 30. Rb4 Ne5 31. Kg2 Nf3 32. Rc4 g5 33. Nh5 Re6
34. Nxg7 Kxg7 35. Bb2+ Kg6 36. Bd4 Nd2 37. Ra4 Nf3 38. Rc4 Kf7 39. Ra4 Ne1+ 40.
Kf1 Nxc2 41. Bc5 e3 42. fxe3 Nxe3+ 43. Bxe3 Rxe3 44. Kf2 Re7 45. Rc4 Re6 46.
Rc5 h6 47. Kf3 Ke7 48. h4 gxh4 49. gxh4 Kd6 50. Rc1 c5 51. Rd1+ Kc6 52. Rc1 Rd6
53. h5 Rd5 54. Kg4 Rd4+ 55. Kf5 c4 56. Ra1 Rd7 57. Kg6 Rd6+ 58. Kg7 Kb5 59.
Rb1+ Kc5 60. Rc1 Kb4 61. Rb1+ Kc3 62. Rc1+ Kb3 63. Rb1+ Ka3 64. Rc1 Kb4 65.
Rb1+ Kc5 66. Rc1 Rc6 67. Kh7 Kd4 68. Rd1+ Ke4 69. Re1+ Kf5 70. Rg1 c3 71. Rg6
Rc8 72. Rf6+ Kxf6 0-1

[Event "36th Teams Ch-GR"]
[Site "Kallithea Halkidiki"]
[Date "2008.07.10"]
[Round "7.6"]
[White "Papargyriou, Anastasios"]
[Black "Sismanis, Aggelos"]
[Result "1-0"]
[WhiteElo "2071"]
[BlackElo "2191"]
[PlyCount "49"]
[EventDate "2008.07.06"]
[WhiteTeam "SAS KOROPIOU"]
[BlackTeam "EES KORYDALLOU"]

1. e4 c5 2. Nc3 a6 3. g3 b5 4. Bg2 Bb7 5. f4 e6 6. Qe2 Nc6 7. Nf3 d6 8. d3 Be7
9. O-O b4 10. Nd1 Nf6 11. c3 O-O 12. e5 dxe5 13. Nxe5 Qc7 14. Nf2 Nd5 15. Bd2
Rad8 16. Rae1 Qb6 17. Kh1 a5 18. Ne4 a4 19. Qh5 Nf6 20. Nxf6+ Bxf6 21. Ng4 Be7
22. f5 exf5 23. Qxf5 Kh8 24. Nh6 gxh6 25. Be4 1-0

[Event "36th Teams Ch-GR"]
[Site "Kallithea Halkidiki"]
[Date "2008.07.10"]
[Round "7.7"]
[White "Macieja, Bartlomiej"]
[Black "Zubarev, Alexander"]
[Result "1/2-1/2"]
[WhiteElo "2606"]
[BlackElo "2517"]
[PlyCount "155"]
[EventDate "2008.07.06"]
[WhiteTeam "PS PERISTERIOU"]
[BlackTeam "OAA HERAKLIO"]

1. Nf3 c5 2. c4 Nc6 3. d4 cxd4 4. Nxd4 g6 5. e4 Nf6 6. Nc3 Nxd4 7. Qxd4 d6 8.
Bg5 Bg7 9. Qd2 O-O 10. Bd3 a5 11. b3 Bd7 12. O-O Bc6 13. a3 Re8 14. Rab1 Nd7
15. b4 axb4 16. axb4 Ra3 17. Rfc1 b6 18. Nd5 h6 19. Be3 Kh7 20. Bf1 e6 21. Nc3
Qh4 22. Qxd6 Be5 23. g3 Bxd6 24. gxh4 Be5 25. Nb5 Ra2 26. Bg2 Rea8 27. Rd1 Nf6
28. Bxb6 Bxb5 29. cxb5 Rb8 30. Bc5 Rxb5 31. h3 Rc2 32. Bf1 Rbxc5 33. bxc5 Rxc5
34. Rb7 Kg7 35. Bg2 g5 36. hxg5 hxg5 37. Bf3 Rc2 38. Rb5 Bf4 39. e5 Ng8 40. Rd7
Nh6 41. Bh5 Rc1+ 42. Kg2 Nf5 43. Rxf7+ Kh6 44. Rxf5 exf5 45. Bf3 Re1 46. Rb6+
Kg7 47. e6 Kf6 48. Bd5 Be5 49. Rb7 Bd6 50. Rf7+ Kg6 51. Rd7 Bc5 52. Bc4 Kf6 53.
Rf7+ Kg6 54. Bd3 Rxe6 55. Rxf5 Be7 56. Re5+ Kf6 57. Rf5+ Kg7 58. Bc4 Rf6 59.
Re5 Bd6 60. Rb5 Be7 61. Rb7 Kf8 62. f3 Rf4 63. Be6 Rb4 64. Rd7 Rb6 65. Bf5 Bd6
66. Kf1 Bf4 67. Rh7 Rb2 68. Be4 Rh2 69. Ke1 Rb2 70. h4 gxh4 71. Rxh4 Be3 72.
Kf1 Ke7 73. Bd3 Rf2+ 74. Ke1 Rxf3 75. Ke2 Rg3 76. Re4+ Kf6 77. Rxe3 Rxe3+ 78.
Kxe3 1/2-1/2

[Event "36th Teams Ch-GR"]
[Site "Kallithea Halkidiki"]
[Date "2008.07.10"]
[Round "7.7"]
[White "Nikomanis, Andreas"]
[Black "Kounalakis, Evryklis"]
[Result "0-1"]
[WhiteElo "1984"]
[BlackElo "2120"]
[PlyCount "92"]
[EventDate "2008.07.06"]
[WhiteTeam "PS PERISTERIOU"]
[BlackTeam "OAA HERAKLIO"]

1. e4 c6 2. c4 d5 3. cxd5 cxd5 4. exd5 Nf6 5. Nc3 Nxd5 6. Nf3 Nc6 7. Bb5 e6 8.
O-O Be7 9. d4 O-O 10. Re1 Bd7 11. a3 Rc8 12. Ba4 a6 13. Qd3 Nf6 14. Bc2 g6 15.
Bh6 Re8 16. Rad1 Qc7 17. Bb1 Red8 18. Ne4 Be8 19. Qe2 Nxe4 20. Qxe4 Qa5 21. Ba2
Qh5 22. Bc1 Rc7 23. b4 Rcd7 24. Bb2 Bf6 25. Re2 Bg7 26. Rc2 Ne7 27. Rdc1 Qf5
28. Qe2 Nd5 29. Rc8 Rd6 30. h3 Nf4 31. Qc4 Nxh3+ 32. gxh3 Qxf3 33. Rxd8 Rxd8
34. Qc7 Bf6 35. d5 exd5 36. Bxf6 Qxf6 37. Rd1 Bc6 38. Re1 Rd6 39. Qc8+ Kg7 40.
Qg4 Re6 41. Rd1 Re5 42. Qd4 Kg8 43. Kh2 Qe7 44. Qf4 Rg5 45. Qb8+ Kg7 46. Qa7
Qe5+ 0-1

[Event "36th Teams Ch-GR"]
[Site "Kallithea Halkidiki"]
[Date "2008.07.10"]
[Round "7.8"]
[White "Koukoufikis, Alexandros"]
[Black "Postny, Evgeny"]
[Result "0-1"]
[WhiteElo "2252"]
[BlackElo "2661"]
[PlyCount "71"]
[EventDate "2008.07.06"]
[WhiteTeam "SO IKARIAS I. TZELEPIS"]
[BlackTeam "SO HERAKLIOU"]

1. e4 c5 2. Nc3 e6 3. g3 Nc6 4. Bg2 Nf6 5. d3 Be7 6. f4 d5 7. e5 Nd7 8. Nf3 a6
9. d4 b5 10. Ne2 a5 11. a4 bxa4 12. O-O Ba6 13. c3 Nb6 14. Kh1 g6 15. Re1 O-O
16. g4 Qc8 17. dxc5 Bxc5 18. Ned4 Nxd4 19. Nxd4 Rb8 20. Qf3 Nc4 21. f5 Re8 22.
fxe6 fxe6 23. Bh6 Rb7 24. Rxa4 Nxb2 25. Rxa5 Rf7 26. Qg3 Bb6 27. Ra2 Nd3 28.
Rf1 Nxe5 29. Rfa1 Bc4 30. Qxe5 Bxa2 31. Rxa2 Qxc3 32. Bxd5 Rf1+ 33. Kg2 Rg1+
34. Kxg1 Bxd4+ 35. Kh1 Bxe5 36. Bxe6+ 0-1

[Event "36th Teams Ch-GR"]
[Site "Kallithea Halkidiki"]
[Date "2008.07.10"]
[Round "7.8"]
[White "Siempos, Konstantinos"]
[Black "Stavrianakis, Ioannis"]
[Result "1/2-1/2"]
[WhiteElo "1975"]
[BlackElo "2176"]
[PlyCount "31"]
[EventDate "2008.07.06"]
[WhiteTeam "SO IKARIAS I. TZELEPIS"]
[BlackTeam "SO HERAKLIOU"]

1. e4 d6 2. d4 g6 3. f4 Bg7 4. h3 Nf6 5. Bd3 O-O 6. Nf3 Nbd7 7. O-O c6 8. c4
Qc7 9. Nc3 e5 10. fxe5 dxe5 11. d5 cxd5 12. cxd5 Ne8 13. Be3 Nd6 14. Nb5 Nxb5
15. Bxb5 f5 16. d6 1/2-1/2

[Event "36th Teams Ch-GR"]
[Site "Kallithea Halkidiki"]
[Date "2008.07.10"]
[Round "7.8"]
[White "Pandelias, Emmanouil"]
[Black "Vazouras, Theodoros"]
[Result "0-1"]
[WhiteElo "2053"]
[BlackElo "1912"]
[PlyCount "90"]
[EventDate "2008.07.06"]
[WhiteTeam "SO HERAKLIOU"]
[BlackTeam "SO IKARIAS I. TZELEPIS"]

1. d4 Nf6 2. Nf3 e6 3. Bg5 Be7 4. c3 Ne4 5. Bxe7 Qxe7 6. Nbd2 f5 7. e3 O-O 8.
Bd3 d5 9. Ne5 Nd7 10. Ndf3 Ndf6 11. O-O Bd7 12. Nd2 Be8 13. f4 Bh5 14. Qe1 Ng4
15. Ndf3 Rae8 16. Nxg4 Bxg4 17. Bxe4 dxe4 18. Ne5 Bh5 19. b4 Kh8 20. c4 Rg8 21.
c5 c6 22. Nc4 g5 23. Nd6 Ref8 24. Kh1 Rg7 25. Qf2 Rfg8 26. Rg1 Qf6 27. Nc4 a6
28. Ne5 g4 29. g3 Be8 30. Kg2 h5 31. Rh1 Rh7 32. Qg1 h4 33. a4 Kg7 34. h3 gxh3+
35. Rxh3 Kf8 36. Qh1 Rhg7 37. g4 Bh5 38. Rxh4 Bxg4 39. Nxg4 Rxg4+ 40. Rxg4
Rxg4+ 41. Kf2 Rh4 42. Qg1 Qh6 43. Rf1 Rh2+ 44. Ke1 Qh4+ 45. Kd1 Qh5+ 0-1

[Event "36th Teams Ch-GR"]
[Site "Kallithea Halkidiki"]
[Date "2008.07.10"]
[Round "7.9"]
[White "Hadzimanolis, Antonios"]
[Black "Azmaiparashvili, Zurab"]
[Result "0-1"]
[WhiteElo "2306"]
[BlackElo "2615"]
[PlyCount "76"]
[EventDate "2008.07.06"]
[WhiteTeam "PANATHLITIKOS SF SYKEON"]
[BlackTeam "NO KALAMATAS O POSEIDON"]

1. e4 d6 2. d4 g6 3. Nc3 Bg7 4. Nf3 a6 5. a4 Bg4 6. Be2 Nc6 7. Be3 e5 8. d5
Nce7 9. Nd2 Bxe2 10. Qxe2 f5 11. f3 Bh6 12. Bxh6 Nxh6 13. O-O f4 14. Nd1 g5 15.
c4 Rg8 16. Nf2 Qd7 17. h3 Nf7 18. a5 h5 19. b4 Nh6 20. c5 Rd8 21. Rfb1 g4 22.
fxg4 hxg4 23. hxg4 Nxg4 24. Nxg4 Rxg4 25. b5 Kf7 26. c6 bxc6 27. bxc6 Qc8 28.
Rb7 Rdg8 29. Rab1 Kf6 30. Rb8 Rxg2+ 31. Qxg2 Rxg2+ 32. Kxg2 Qg4+ 33. Kf2 Qg3+
34. Ke2 Ng6 35. R8b3 Qg2+ 36. Kd1 Nh4 37. Kc2 Qe2 38. Rb7 Nf3 0-1

[Event "36th Teams Ch-GR"]
[Site "Kallithea Halkidiki"]
[Date "2008.07.10"]
[Round "7.9"]
[White "Tsekouras, Theodoros"]
[Black "Zalahoras, Nikolaos"]
[Result "1/2-1/2"]
[WhiteElo "2204"]
[BlackElo "2181"]
[PlyCount "41"]
[EventDate "2008.07.06"]
[WhiteTeam "NO KALAMATAS O POSEIDON"]
[BlackTeam "PANATHLITIKOS SF SYKEON"]

1. e4 c5 2. Nc3 d6 3. f4 Nc6 4. Nf3 g6 5. Bc4 Bg7 6. O-O Nf6 7. d3 O-O 8. f5
Na5 9. fxg6 hxg6 10. Qe1 Nxc4 11. dxc4 Be6 12. Qh4 Nh7 13. Nd5 Bxd5 14. cxd5 e6
15. Ng5 Nxg5 16. Bxg5 f6 17. Bd2 exd5 18. exd5 f5 19. Qg3 Bd4+ 20. Kh1 Qf6 21.
Rae1 1/2-1/2

[Event "36th Teams Ch-GR"]
[Site "Kallithea Halkidiki"]
[Date "2008.07.10"]
[Round "7.9"]
[White "Sirpas, Argiris"]
[Black "Lambropoulos, Evangelos"]
[Result "1-0"]
[WhiteElo "1778"]
[BlackElo "2128"]
[PlyCount "51"]
[EventDate "2008.07.06"]
[WhiteTeam "PANATHLITIKOS SF SYKEON"]
[BlackTeam "NO KALAMATAS O POSEIDON"]

1. c4 d6 2. Nc3 g6 3. Nf3 Bg7 4. g3 c5 5. Bg2 Nc6 6. O-O e5 7. d3 h6 8. a3 Nge7
9. Rb1 a5 10. Bd2 O-O 11. Nb5 f5 12. Qc2 Nd4 13. Nfxd4 cxd4 14. b4 Nc6 15. c5
d5 16. Nd6 axb4 17. Bxd5+ Kh7 18. axb4 Qc7 19. b5 Ne7 20. Bg2 Rd8 21. Rfc1 Bf8
22. b6 Qd7 23. Nf7 Nc6 24. Nxd8 Nxd8 25. c6 bxc6 26. Bxc6 1-0

[Event "36th Teams Ch-GR"]
[Site "Kallithea Halkidiki"]
[Date "2008.07.10"]
[Round "7.10"]
[White "Hrisanthopoulos, Dimitrios"]
[Black "Gogolis, Alexandros"]
[Result "1/2-1/2"]
[WhiteElo "2175"]
[BlackElo "2283"]
[PlyCount "38"]
[EventDate "2008.07.06"]
[WhiteTeam "SO KALLITHEAS"]
[BlackTeam "SO ILIOUPOLIS"]

1. e4 d5 2. exd5 Qxd5 3. Nc3 Qa5 4. d4 c6 5. Nf3 Nf6 6. Be2 Bf5 7. O-O e6 8.
Bf4 Be7 9. a3 O-O 10. b4 Qd8 11. Ne5 Nbd7 12. Bd3 Bxd3 13. Qxd3 Nd5 14. Bg3 a5
15. Nxd5 cxd5 16. Qb5 Ra7 17. Rfb1 axb4 18. axb4 Qa8 19. Ra5 h6 1/2-1/2